Giáo trình ngữ pháp tiếng Việt T.1
Những vấn đề cơ bản của cú pháp học. Cụm từ. Câu
সংরক্ষণ করুন:
| প্রধান লেখক: | |
|---|---|
| সংস্থা লেখক: | |
| বিন্যাস: | গ্রন্থ |
| ভাষা: | Vietnamese |
| প্রকাশিত: |
H.
Giáo dục
2000
|
| সংস্করন: | Tái bản lần thứ tư |
| বিষয়গুলি: | |
| ট্যাগগুলো: |
ট্যাগ যুক্ত করুন
কোনো ট্যাগ নেই, প্রথমজন হিসাবে ট্যাগ করুন!
|
| Thư viện lưu trữ: | Mạng thư viện Đại học Đà Nẵng |
|---|
| LEADER | 01208nam a2200349 4500 | ||
|---|---|---|---|
| 001 | 000016370 | ||
| 003 | 12772 | ||
| 005 | 20121009101030.0 | ||
| 008 | 121009s2000 viesd | ||
| 041 | 0 | |a vie | |
| 082 | |a 495.9225 |b DI-B | ||
| 100 | 0 | |a Diệp Quang Ban | |
| 110 | |a Sách Đại học Sư Phạm | ||
| 245 | 1 | 0 | |a Giáo trình ngữ pháp tiếng Việt |c Diệp Quang Ban, Hoàng Văn Thung |n T.1 |
| 250 | |a Tái bản lần thứ tư | ||
| 260 | |a H. |b Giáo dục |c 2000 | ||
| 300 | |a 164tr |c 21cm | ||
| 520 | |a Những vấn đề cơ bản của cú pháp học. Cụm từ. Câu | ||
| 653 | |a Cú pháp | ||
| 653 | |a Ngữ pháp | ||
| 653 | |a Tiếng Việt | ||
| 773 | |t Giáo trình ngữ pháp tiếng Việt |w 4866 | ||
| OWN | |a LSP | ||
| AVA | |a UDN50 |b LSP |d 495.9225 DI-B |e available |t Error 5001 Not defined in file expand_doc_bib_avail. |f 2 |g 0 |h N |i 2 |k 1 | ||
| 999 | |a From the UDN01 | ||
| AVA | |a UDN50 |b LSP |d 495.9225 DI-B |e available |t Error 5001 Not defined in file expand_doc_bib_avail. |f 2 |g 0 |h N |i 2 |k 1 | ||
| TYP | |a Monograph | ||
| TYP | |a Printed language | ||
| 980 | |a Mạng thư viện Đại học Đà Nẵng | ||